| 000 | 00359nam a2200109Ia 4500 | ||
|---|---|---|---|
| 008 | 160909s9999 xx 000 0 und d | ||
| 100 | _aSim, Hoeun | ||
| 245 | 4 | _aThe effects of discrete emotions on risky decision making | |
| 260 |
_bSan Jose State University _c2016 |
||
| 650 | _aPSYCHOLOGY | ||
| 856 | _uhttp://pqdtopen.proquest.com/doc/1799627752.html?FMT=ABS | ||
| 999 |
_c304051 _d304051 |
||